Stereotype to Country - Statistics

General Stats
  • This quiz has been taken 277 times
  • The average score is 23 of 26
Answer Stats
Hint Answer % Correct
Pyramids, Camels, Cleopatra Egypt
100%
Shotguns, Burgers, Walmarts United States
99%
Kangaroos, Large Spiders, Didgeridoos Australia
98%
Nice People, Maple Syrup, "Eh?" Canada
98%
Anime, Sushi, Ramen Japan
98%
Tea, Talking about the weather, Royal Family United Kingdom
98%
Befriending Polar Bears, Corruption, Vodka Russia
97%
Tech Support, Dirty, Curry India
95%
Hair Gel, Pizza, "Mama Mia!" Italy
95%
Artists, Baguettes, Eiffel Tower France
94%
Bad Drivers, Dog Eaters, Social Credit China
93%
BTS, Smooth-Skin, Taekwondo South Korea
93%
Debt, Zeus, "Opa!" Greece
91%
Potatoes, Drunks, Red Hair Ireland
91%
Oil, Mecca, Muslims Saudi Arabia
91%
Penguins, Lemurs, Liking to "Move It, Move it" Madagascar
88%
Pho, In the Trees, War Flashbacks Vietnam
87%
Northern Lights, Skiing, Cabins Norway
84%
Tall People, Canals, Vincent van Gogh Netherlands
82%
Fidel Castro, Music, Revolutionists Cuba
80%
Bob Marley, Marijuana, Always High Jamaica
76%
Tribes, Lions, Apartheid South Africa
76%
Mowing Lawns, Countless Cousins, Criminals Mexico
73%
Borat, Cold Temperatures, Off-Brand Russians Kazakhstan
69%
Rubik's Cubes, Hungry, Paprika Hungary
66%
Big Noses, Tuxedos, Uncompromising Attitude Israel
52%
No matching quizzes found
Score Distribution
Percent of People with Each Score
Percentile by Number Answered
Your Score History
You have not taken this quiz